Men of mathematics / (Record no. 587942)

000 -LEADER
fixed length control field 01254pam a2200349 a 4500
001 - CONTROL NUMBER
control field 1932750
003 - CONTROL NUMBER IDENTIFIER
control field NUST
005 - DATE AND TIME OF LATEST TRANSACTION
control field 20220217115806.0
008 - FIXED-LENGTH DATA ELEMENTS--GENERAL INFORMATION
fixed length control field 860422t19861937nyu 001 0 eng
010 ## - LIBRARY OF CONGRESS CONTROL NUMBER
LC control number 86010229
020 ## - INTERNATIONAL STANDARD BOOK NUMBER
International Standard Book Number 0671628186 (pbk.) :
Terms of availability $11.95
038 ## - RECORD CONTENT LICENSOR
Staff Name waseem
040 ## - CATALOGING SOURCE
Original cataloging agency DLC
Transcribing agency DLC
Modifying agency DLC
050 00 - LIBRARY OF CONGRESS CALL NUMBER
Classification number QA28
Item number .B4 1986
082 00 - DEWEY DECIMAL CLASSIFICATION NUMBER
Classification number 510/.92/2
-- B
Edition number 19
100 1# - MAIN ENTRY--PERSONAL NAME
Personal name Bell, Eric Temple,
Dates associated with a name 1883-1960.
9 (RLIN) 89105
245 10 - TITLE STATEMENT
Title Men of mathematics /
Statement of responsibility, etc. by E.T. Bell.
250 ## - EDITION STATEMENT
Edition statement 1st Touchstone ed.
260 ## - PUBLICATION, DISTRIBUTION, ETC.
Place of publication, distribution, etc. New York :
Name of publisher, distributor, etc. Simon & Schuster,
Date of publication, distribution, etc. 1986, c1937.
300 ## - PHYSICAL DESCRIPTION
Extent xvii, 590 p. ;
Dimensions 22 cm.
490 0# - SERIES STATEMENT
Series statement A Touchstone book
500 ## - GENERAL NOTE
General note Includes index.
563 ## - BINDING INFORMATION
Binding note PBK.
650 #0 - SUBJECT ADDED ENTRY--TOPICAL TERM
Topical term or geographic name entry element Mathematicians.
9 (RLIN) 89106
650 #0 - SUBJECT ADDED ENTRY--TOPICAL TERM
Topical term or geographic name entry element Mathematics
General subdivision History.
9 (RLIN) 89107
856 42 - ELECTRONIC LOCATION AND ACCESS
Materials specified Contributor biographical information
Uniform Resource Identifier <a href="http://www.loc.gov/catdir/bios/simon051/86010229.html">http://www.loc.gov/catdir/bios/simon051/86010229.html</a>
856 41 - ELECTRONIC LOCATION AND ACCESS
Materials specified Sample text
Uniform Resource Identifier <a href="http://www.loc.gov/catdir/samples/simon031/86010229.html">http://www.loc.gov/catdir/samples/simon031/86010229.html</a>
856 42 - ELECTRONIC LOCATION AND ACCESS
Materials specified Publisher description
Uniform Resource Identifier <a href="http://www.loc.gov/catdir/description/simon033/86010229.html">http://www.loc.gov/catdir/description/simon033/86010229.html</a>
856 41 - ELECTRONIC LOCATION AND ACCESS
Materials specified Table of contents only
Uniform Resource Identifier <a href="http://www.loc.gov/catdir/enhancements/fy0631/86010229-t.html">http://www.loc.gov/catdir/enhancements/fy0631/86010229-t.html</a>
906 ## - LOCAL DATA ELEMENT F, LDF (RLIN)
a 7
b cbc
c orignew
d 1
e ocip
f 19
g y-gencatlg
942 ## - ADDED ENTRY ELEMENTS (KOHA)
Source of classification or shelving scheme
Koha item type Book
Holdings
Withdrawn status Lost status Source of classification or shelving scheme Damaged status Not for loan Permanent Location Current Location Shelving location Date acquired Source of acquisition Total Checkouts Total Renewals Full call number Barcode Date last seen Date last checked out Price effective from Koha item type
          Central Library (CL) Central Library (CL) Mathematics 02/17/2022 Golden Books 1 8 510.922 BEL CL-944 11/27/2025 07/24/2025 02/17/2022 Book
© 2023 Central Library, National University of Sciences and Technology. All Rights Reserved.